Szczegóły MARC21

Autopsie des Vaters : Roman /

003 -Nazwa inst., której nr kontr. jest w polu 001 [,]
    • @
    • Nazwa instytucji, której n kontrolny jest w polu 001
    • NUKAT
005 -DATA I CZAS OSTATNIEJ MODYFIKACJI [,]
    • @
    • pole kontrolne
    • 20241231093554.0
020 -Międzynarod. znormalizowany nr książki - ISBN [ , ]
    • a
    • Numer ISBN
    • 9783858697592 Find
040 -Instytucja sporządzająca opis [ , ]
    • a
    • Instytucja, która sporządziła opis (NP)
    • WA U/JK
    • b
    • Język katalogowania
    • pol
    • e
    • Zasady katalogowania
    • rda
    • c
    • Instytucja, która sporządziła rekord (NP)
    • WA U/JK
    • d
    • Instytucja, która zmodyfikowała rekord (P)
    • WA U/EBA
    • d
    • Instytucja, która zmodyfikowała rekord (P)
    • KAT U/46MMs
041 -Język dokumentu [1, ]
    • a
    • Język tekstu (P)
    • niemiecki
    • h
    • Język tekstu oryginalnego i/lub pośredniego (P)
    • francuski
942 -Rodzaj dokumentu [ , ]
    • c
    • Rodzaj dokumentu
    • Książka
100 -Hasło główne - nazwa osobowa [1, ]
    • a
    • Nazwa osobowa (NP)
    • Kramer, Pascale
    • d
    • Daty biograficzne (NP)
    • (1961- ).
    • e
    • Rodzaj współpracy
    • Autor
    • 9
    • KHW
    • 83253
240 -Tytuł ujednolicony [1,0]
    • a
    • Tytuł ujednolicony
    • Autopsie d'un père
    • l
    • Język tekstu
    • (niem.)
    • 9
    • KHW
    • 443979
245 -Strefa tytułu i oznaczenia odpowiedzialności [1,0]
    • a
    • Tytuł
    • Autopsie des Vaters : Find
    • b
    • Ciąg dalszy tytułu (NP)
    • Roman / Find
    • c
    • Pozostałe elementy strefy tytułu i oznaczenia odpowiedzialności (NP)
    • Pascale Kramer ; aus dem Französischen von Andrea Spingler.
250 -Strefa wydania [ , ]
    • a
    • Oznaczenie wydania (NP)
    • 1. Auflage 2017.
260 -Strefa adresu wydawniczego [ , ]
    • a
    • Miejsce wydania (P)
    • Zürich :
    • b
    • Nazwa wydawcy (P)
    • Rotpunktverlag (für die deutschsprachige Ausgabe),
    • c
    • Data wydania (P)
    • 2017.
300 -Strefa opisu fizycznego [ , ]
    • a
    • Określenie formy książki i/lub objętość (NP)
    • 169, [4] strony :
    • b
    • Oznaczenie ilustracji (NP)
    • ilustracja ;
    • c
    • Format (NP)
    • 21 cm.
336 -Typ zawartości [ , ]
    • a
    • Termin opisujący typ zawartości
    • Tekst
    • b
    • Kod określający zawartość
    • txt
    • 2
    • Źródło (terminu i kodu)
    • rdacontent
337 -Typ mediów [ , ]
    • a
    • Tryb odtwarzania
    • Bez urządzenia pośredniczącego
    • b
    • Kod typu mediów
    • n
    • 2
    • Źródło (terminu i kodu)
    • rdamedia
338 -Typ/rodzaj nośnika [ , ]
    • a
    • Hasło opisujące typ nośnika
    • Wolumin
    • b
    • Kod typu nośnika
    • nc
    • 2
    • Źródło (terminu i kodu)
    • rdacarrier
490 -Strefa serii i książki wielotomowej - forma nie do wyszukiwania [1, ]
    • a
    • Tytuł (P)
    • Edition Blau : Belletristik im Rotpunktverlag Find
830 -Hasło dodatkowe serii i opisu książki wielotomowej - tytuł ujednolicony/tytuł [ ,0]
    • a
    • Tytuł ujednolicony/tytuł (NP)
    • Edition Blau
    • 9
    • KHW
    • 443631
655 -Hasło w funkcji tematu formalnego [ ,7]
    • a
    • Hasło
    • Powieść szwajcarska w języku francuskim
    • y
    • Określnik chronologiczny
    • 1990-
    • v
    • Określnik formy
    • tłumaczenia niemieckie.
    • 2
    • Źródło terminu
    • kaba
    • 9
    • KHW
    • 443755
700 -Hasło dodatkowe - nazwa osobowa [1, ]
    • a
    • Nazwa osobowa (NP)
    • Spingler, Andrea Find
    • d
    • Daty biograficzne (NP)
    • (1949- ).
    • e
    • Określenie rodzaju współpracy
    • Tłumaczenie
    • 9
    • KHW
    • 443629
710 -Hasło dodatkowe - nazwa ciała zbiorowego [2, ]
    • a
    • Nazwa ciała zbiorowego lub nazwa geograficzna jako pierwszy element (NP)
    • Rotpunktverlag.
    • e
    • Rodzaj współpracy
    • Wydawca
    • 4
    • Kod relacji
    • pbl
    • 9
    • KHW
    • 443630
920 -ISBN [ , ]
    • a
    • ISBN
    • 978-3-85869-759-2 Find
Data inwentaryzacji Lokalizacja Numer inwentarzowy Status udost. Sygnatura
2018-02-07BMG.19187-3Germ. Literatura szwajcarska